Schaum's outlines Electronics Devices and Circuit / (Record no. 531888)

000 -LEADER
fixed length control field 00411nam a22001577a 4500
003 - CONTROL NUMBER IDENTIFIER
control field NUST
020 ## - INTERNATIONAL STANDARD BOOK NUMBER
International Standard Book Number 9780070260955
Qualifying information P/B.
038 ## - RECORD CONTENT LICENSOR
Staff Name waseem
082 ## - DEWEY DECIMAL CLASSIFICATION NUMBER
Classification number 621.38153
Author Mark CAT
100 ## - MAIN ENTRY--PERSONAL NAME
Personal name Cathey, Jimmie J
9 (RLIN) 25030
245 ## - TITLE STATEMENT
Title Schaum's outlines Electronics Devices and Circuit /
Statement of responsibility, etc. Jimmie J Cathey
250 ## - EDITION STATEMENT
Edition statement 3rd ed.
260 ## - PUBLICATION, DISTRIBUTION, ETC.
Place of publication, distribution, etc. New Delhi :
Name of publisher, distributor, etc. McGraw Hill,
Date of publication, distribution, etc. 2009.
300 ## - PHYSICAL DESCRIPTION
Extent unpaged.
942 ## - ADDED ENTRY ELEMENTS (KOHA)
Source of classification or shelving scheme
Koha item type Book
Holdings
Withdrawn status Lost status Source of classification or shelving scheme Damaged status Not for loan Permanent Location Current Location Shelving location Date acquired Total Checkouts Full call number Barcode Date last seen Price effective from Koha item type
          Central Library (CL) Central Library (CL) Electrical Engineering 10/30/2019   621.38153 CAT SEECS003624 10/30/2019 10/30/2019 Book
© 2023 Central Library, National University of Sciences and Technology. All Rights Reserved.